[Event "17MCR_PFB"]
[Site "?"]
[Date "2003.??.??"]
[Round "?"]
[White "Lounek, Jan"]
[Black "Doudera, Lubomir"]
[Result "1-0"]
[WhiteElo "2320"]
[BlackElo "2235"]
[PlyCount "61"]
[EventDate "2003.??.??"]
[EventType "corr"]
[EventRounds "1"]
[SourceDate "2005.10.25"]

1. e4 d5 2. exd5 Qxd5 3. Nc3 Qa5 4. d4 Nf6 5. Nf3 Bg4 6. h3 Bh5 7. Bd2 e6 8.
Bc4 Bb4 9. Qe2 O-O 10. a3 Nc6 11. g4 Bg6 12. Ba2 Bxc3 13. Bxc3 Qb6 14. O-O-O
Ne4 15. h4 Nxc3 16. bxc3 h5 17. Rhg1 hxg4 18. Rxg4 Qa5 19. Kb2 Qh5 20. Rg5 Qh6
21. Rdg1 Kh8 22. h5 Bxh5 23. Rh1 g6 24. Qe3 Qh7 25. Ne5 Nxe5 26. Qxe5+ f6 27.
Rgxh5 gxh5 28. Qe2 Qg6 29. Rxh5+ Kg7 30. Rh3 Rae8 31. Bxe6 1-0

[Event "17MCR_PFB"]
[Site "?"]
[Date "2003.??.??"]
[Round "?"]
[White "Svajdler, Frantisek"]
[Black "Soudny, Jiri"]
[Result "0-1"]
[WhiteElo "2280"]
[BlackElo "2240"]
[PlyCount "56"]
[EventDate "2003.??.??"]
[EventType "corr"]
[EventRounds "1"]
[SourceDate "2005.10.25"]

1. e4 e6 2. d4 d5 3. Nd2 Nf6 4. e5 Nfd7 5. Bd3 c5 6. c3 Nc6 7. Ne2 cxd4 8. cxd4
f6 9. exf6 Nxf6 10. Nf3 Bd6 11. O-O O-O 12. Bf4 Bxf4 13. Nxf4 Ne4 14. Ne2 Rxf3
15. gxf3 Ng5 16. f4 Nh3+ 17. Kh1 Qh4 18. Qd2 Nxf2+ 19. Kg2 Nxd3 20. Qxd3 Bd7
21. Qg3 Qe7 22. Kh1 Rf8 23. Rae1 Qf6 24. Qg5 Ne7 25. Qxf6 Rxf6 26. Rf3 Nf5 27.
Rc3 Kf8 28. Rd1 Ne7 0-1

[Event "17MCR_PFB"]
[Site "?"]
[Date "2003.??.??"]
[Round "?"]
[White "Nejtek, Jiri"]
[Black "Hladecek, Miloslav"]
[Result "1/2-1/2"]
[WhiteElo "2265"]
[BlackElo "2240"]
[PlyCount "73"]
[EventDate "2003.??.??"]
[EventType "corr"]
[EventRounds "1"]
[SourceDate "2005.10.25"]

1. e4 c5 2. Nf3 d6 3. d4 cxd4 4. Nxd4 Nf6 5. Nc3 a6 6. Be3 e6 7. f3 b5 8. g4 b4
9. Nce2 h6 10. Bg2 e5 11. Nf5 Be6 12. Bf2 d5 13. exd5 Qxd5 14. O-O Qxd1 15.
Rfxd1 Nbd7 16. c3 h5 17. cxb4 Rb8 18. h3 hxg4 19. fxg4 Bxf5 20. gxf5 Bxb4 21.
Rac1 Ke7 22. a3 Ba5 23. b4 Bb6 24. Bxb6 Rxb6 25. Rc7 Kd8 26. Ra7 Rh4 27. Rd3 g5
28. Nc3 Rd4 29. Rg3 Rbd6 30. Bf1 Rf4 31. Bxa6 Rxf5 32. Be2 Rd4 33. b5 Kc8 34.
a4 Kb8 35. b6 Nxb6 36. Rxf7 Ne4 37. Rxf5 1/2-1/2

[Event "17MCR_PFB"]
[Site "?"]
[Date "2003.??.??"]
[Round "?"]
[White "Bares, Jiri"]
[Black "Jerabek, Zdenek"]
[Result "0-1"]
[WhiteElo "2255"]
[BlackElo "2255"]
[PlyCount "100"]
[EventDate "2003.??.??"]
[EventType "corr"]
[EventRounds "1"]
[SourceDate "2005.10.25"]

1. d4 Nf6 2. c4 g6 3. Nc3 Bg7 4. e4 d6 5. f3 O-O 6. Be3 e5 7. d5 c6 8. Qd2 cxd5
9. cxd5 Ne8 10. Bd3 Nd7 11. Nge2 f5 12. exf5 gxf5 13. O-O f4 14. Bf2 Nef6 15.
Rfc1 Kh8 16. Nb5 Nc5 17. b4 Nxd3 18. Qxd3 Ne8 19. Nxa7 Bf5 20. Qd2 Rf6 21. Kh1
Rg6 22. Bg1 Qg5 23. Nc3 e4 24. Nxe4 Bxe4 25. fxe4 Bxa1 26. Rxa1 Nf6 27. Re1 Nh5
28. Bd4+ Kg8 29. Rf1 Re8 30. Qc2 Qe7 31. Kg1 Qxe4 32. Qxe4 Rxe4 33. Nb5 Rg5 34.
a4 Rxd5 35. Bc3 Rc4 36. Rf3 Ng7 37. g3 Ne6 38. h4 fxg3 39. Rxg3+ Kf7 40. Rf3+
Nf4 41. Kf2 Ke6 42. Re3+ Kf5 43. Re7 Rxb5 44. Rf7+ Ke4 45. axb5 Rxc3 46. Re7+
Kd4 47. Rxh7 b6 48. Rb7 Nd5 49. Rd7 Ke5 50. h5 Rh3 0-1

[Event "17MCR_PFB"]
[Site "?"]
[Date "2003.??.??"]
[Round "?"]
[White "Hladecek, Miloslav"]
[Black "Bares, Jiri"]
[Result "1-0"]
[WhiteElo "2240"]
[BlackElo "2255"]
[PlyCount "77"]
[EventDate "2003.??.??"]
[EventType "corr"]
[EventRounds "1"]
[SourceDate "2005.10.25"]

1. e4 e5 2. Nf3 Nc6 3. Bb5 a6 4. Ba4 b5 5. Bb3 Nf6 6. d4 exd4 7. e5 Ne4 8. Bd5
Nc5 9. Nxd4 Bb7 10. O-O Nxd4 11. Bxb7 Nxb7 12. Qxd4 Nc5 13. Be3 Ne6 14. Qg4 d5
15. f4 g6 16. Nd2 c6 17. Nb3 Qc7 18. a4 b4 19. Rad1 h5 20. Qh3 Bg7 21. a5 Rb8
22. Bb6 Rxb6 23. axb6 Qxb6+ 24. Kh1 O-O 25. g4 hxg4 26. Qxg4 Nc5 27. Nd4 Qc7
28. f5 Qxe5 29. Nxc6 Qe8 30. Nxb4 Qe4+ 31. Qxe4 dxe4 32. f6 Bh6 33. Rd5 Rc8 34.
Re5 Bf8 35. Nd5 Bd6 36. Ne7+ Bxe7 37. fxe7 Ne6 38. Rd1 Re8 39. Rd7 1-0

[Event "17MCR_PFB"]
[Site "?"]
[Date "2003.??.??"]
[Round "?"]
[White "Soudny, Jiri"]
[Black "Nejtek, Jiri"]
[Result "1/2-1/2"]
[WhiteElo "2240"]
[BlackElo "2265"]
[PlyCount "41"]
[EventDate "2003.??.??"]
[EventType "corr"]
[EventRounds "1"]
[SourceDate "2005.10.25"]

1. e4 c5 2. Nf3 Nc6 3. d4 cxd4 4. Nxd4 Nf6 5. Nc3 e5 6. Ndb5 d6 7. Bg5 a6 8.
Na3 b5 9. Bxf6 gxf6 10. Nd5 f5 11. c3 Bg7 12. exf5 Bxf5 13. Nc2 Be6 14. g3 O-O
15. Bg2 Rc8 16. a4 f5 17. axb5 axb5 18. O-O Kh8 19. Ra6 Nb8 20. Ra7 Nc6 21. Ra6
1/2-1/2

[Event "17MCR_PFB"]
[Site "?"]
[Date "2003.??.??"]
[Round "?"]
[White "Doudera, Lubomir"]
[Black "Svajdler, Frantisek"]
[Result "1-0"]
[WhiteElo "2235"]
[BlackElo "2280"]
[PlyCount "47"]
[EventDate "2003.??.??"]
[EventType "corr"]
[EventRounds "1"]
[SourceDate "2005.10.25"]

1. e4 e5 2. Nf3 Nc6 3. Bc4 Nf6 4. Ng5 d5 5. exd5 Na5 6. Bb5+ c6 7. dxc6 bxc6 8.
Be2 h6 9. Nf3 e4 10. Ne5 Bd6 11. d4 exd3 12. Nxd3 Qc7 13. b3 O-O 14. Bb2 Bf5
15. h3 Rfe8 16. O-O Re6 17. Nc3 Rd8 18. Bf3 Nb7 19. Ne2 Bh2+ 20. Kh1 Be5 21.
Bxe5 Rxe5 22. Ng3 Bg6 23. Re1 Bxd3 24. cxd3 1-0

[Event "17MCR_PFB"]
[Site "?"]
[Date "2003.??.??"]
[Round "?"]
[White "Kubelka, Martin"]
[Black "Lounek, Jan"]
[Result "1/2-1/2"]
[WhiteElo "2225"]
[BlackElo "2320"]
[PlyCount "49"]
[EventDate "2003.??.??"]
[EventType "corr"]
[EventRounds "1"]
[SourceDate "2005.10.25"]

1. d4 Nf6 2. c4 e6 3. Nf3 b6 4. g3 Ba6 5. b3 Bb4+ 6. Bd2 Be7 7. Nc3 O-O 8. e4
d5 9. cxd5 Bxf1 10. Kxf1 exd5 11. e5 Ne4 12. Kg2 c5 13. Re1 Nc6 14. Rc1 Nxc3
15. Bxc3 Qd7 16. Qd3 Rac8 17. Rcd1 Rfd8 18. Re2 Qe6 19. Ne1 cxd4 20. Bxd4 Bc5
21. Nc2 a5 22. f4 Nxd4 23. Nxd4 Bxd4 24. Qxd4 Rc5 25. Qf2 1/2-1/2

[Event "17MCR_PFB"]
[Site "?"]
[Date "2003.??.??"]
[Round "?"]
[White "Novotny, Petr"]
[Black "Vaindl, Jaroslav"]
[Result "1/2-1/2"]
[WhiteElo "2220"]
[BlackElo "2325"]
[PlyCount "51"]
[EventDate "2003.??.??"]
[EventType "corr"]
[EventRounds "1"]
[SourceDate "2005.10.25"]

1. e4 c5 2. f4 g6 3. Nf3 Bg7 4. d3 Nc6 5. Be2 d5 6. O-O e6 7. c3 Nge7 8. Na3
O-O 9. Nc2 d4 10. Bd2 f5 11. e5 Nd5 12. Qe1 dxc3 13. bxc3 b6 14. d4 Qe7 15. c4
Nc7 16. Be3 cxd4 17. Ncxd4 Nxd4 18. Nxd4 Bb7 19. a4 g5 20. Qg3 gxf4 21. Qxf4
Na6 22. a5 Nc5 23. Nb5 Nb3 24. a6 Be4 25. Rad1 Nc5 26. Nd6 1/2-1/2

[Event "17MCR_PFB"]
[Site "?"]
[Date "2003.??.??"]
[Round "?"]
[White "Jirk, Ales"]
[Black "Trcka, Vaclav"]
[Result "1-0"]
[WhiteElo "2210"]
[BlackElo "2125"]
[PlyCount "51"]
[EventDate "2003.??.??"]
[EventType "corr"]
[EventRounds "1"]
[SourceDate "2005.10.25"]

1. Nf3 d5 2. d4 Nf6 3. c4 e6 4. Nc3 Be7 5. Bf4 O-O 6. e3 c5 7. dxc5 Bxc5 8. a3
Nc6 9. Qc2 Qa5 10. O-O-O Be7 11. g4 dxc4 12. Bxc4 e5 13. g5 Nd7 14. Bg3 e4 15.
Rd5 Nc5 16. Nd4 Be6 17. Nxe6 fxe6 18. Rdd1 Qb6 19. Nxe4 Na5 20. Ba2 Rac8 21.
Kb1 Ncb3 22. Nc3 Bxg5 23. Rd6 Rc6 24. Rhd1 Bf6 25. Rxc6 bxc6 26. Ne4 1-0

[Event "17MCR_PFB"]
[Site "?"]
[Date "2003.??.??"]
[Round "?"]
[White "Pecina, Pavel"]
[Black "Chvojka, Jaroslav"]
[Result "1-0"]
[WhiteElo "2210"]
[BlackElo "2175"]
[PlyCount "75"]
[EventDate "2003.??.??"]
[EventType "corr"]
[EventRounds "1"]
[SourceDate "2005.10.25"]

1. e4 e5 2. Nf3 Nc6 3. d4 exd4 4. Nxd4 Qh4 5. Nc3 Bb4 6. Ndb5 Qxe4+ 7. Be2
Bxc3+ 8. bxc3 Kd8 9. O-O Nf6 10. Bf3 Qc4 11. Rb1 Re8 12. Bg5 a6 13. Nd4 Qxc3
14. Bxc6 bxc6 15. Qh5 Re7 16. Bxf6 gxf6 17. Nf5 Re8 18. Ng7 Re4 19. Qxh7 d5 20.
Qg8+ Kd7 21. Nf5 Re8 22. Qxf7+ Kd8 23. Ng7 Re7 24. Qf8+ Kd7 25. Nf5 Qe5 26.
Nxe7 Qxe7 27. Qh8 Qd8 28. Qh6 Kd6 29. c4 Be6 30. Rfe1 Kd7 31. Qf4 Qf8 32. cxd5
Bxd5 33. Rb7 Rc8 34. Qf5+ Kd6 35. Ra7 Qg7 36. f3 Qf8 37. a4 a5 38. Rxa5 1-0

[Event "17MCR_PFB"]
[Site "?"]
[Date "2003.??.??"]
[Round "?"]
[White "Dundalek, Josef"]
[Black "Valenta, Josef"]
[Result "1/2-1/2"]
[WhiteElo "2200"]
[BlackElo "2185"]
[PlyCount "111"]
[EventDate "2003.??.??"]
[EventType "corr"]
[EventRounds "1"]
[SourceDate "2005.10.25"]

1. d4 Nf6 2. c4 e6 3. Nf3 Bb4+ 4. Bd2 Qe7 5. g3 Nc6 6. Bg2 Bxd2+ 7. Nbxd2 d6 8.
O-O O-O 9. e4 e5 10. d5 Nb8 11. Ne1 a5 12. Nd3 Re8 13. Qc2 Na6 14. a3 Bd7 15.
b4 axb4 16. axb4 c6 17. Qb3 Nc7 18. Rxa8 Rxa8 19. Re1 cxd5 20. exd5 Qf8 21. Ne4
Nxe4 22. Bxe4 f5 23. Bg2 b6 24. c5 Ba4 25. Qb2 e4 26. Nf4 dxc5 27. Qe5 Na6 28.
Qe6+ Kh8 29. bxc5 Nxc5 30. Qxb6 Rb8 31. Qa5 Bb5 32. Rb1 Bc4 33. Rxb8 Qxb8 34.
Bf1 Nd3 35. Bxd3 exd3 36. h3 h5 37. Qc3 Qb1+ 38. Kh2 Qb6 39. Kg2 Qb5 40. Qd4 d2
41. Kh2 Bxd5 42. Nxd5 Qe2 43. Nc3 Qe1 44. Qc5 d1=Q 45. Qf8+ Kh7 46. Qxf5+ Kh8
47. Qf8+ Kh7 48. Nxd1 Qxd1 49. Qf5+ Kh6 50. Qe6+ g6 51. Kg2 Kg7 52. g4 hxg4 53.
hxg4 Qd2 54. Qe5+ Kf7 55. g5 Qd8 56. Kg3 1/2-1/2

[Event "17MCR_PFB"]
[Site "?"]
[Date "2003.??.??"]
[Round "?"]
[White "Chvojka, Jaroslav"]
[Black "Dundalek, Josef"]
[Result "1/2-1/2"]
[WhiteElo "2175"]
[BlackElo "2200"]
[PlyCount "84"]
[EventDate "2003.??.??"]
[EventType "corr"]
[EventRounds "1"]
[SourceDate "2005.10.25"]

1. d4 Nf6 2. Bg5 Ne4 3. Bf4 c5 4. f3 Qa5+ 5. c3 Nf6 6. Nd2 cxd4 7. Nb3 Qb6 8.
Qxd4 Qxd4 9. cxd4 e6 10. e4 d5 11. e5 Nfd7 12. Rc1 Nb6 13. Bd3 Bd7 14. Nc5 Nc6
15. Nxd7 Nxd7 16. Ne2 Be7 17. O-O O-O 18. a3 Rac8 19. b4 Nb6 20. Rc2 a5 21.
bxa5 Nxa5 22. Rxc8 Rxc8 23. Rb1 Nbc4 24. a4 Na3 25. Rb2 Ra8 26. Bd2 N3c4 27.
Bxc4 Ba3 28. Rb5 Nxc4 29. Bb4 Rxa4 30. Bxa3 Nxa3 31. Rxb7 g5 32. Rb2 Rc4 33.
Rd2 Nc2 34. g4 f5 35. gxf5 exf5 36. f4 g4 37. Kf2 Kf7 38. h3 h5 39. h4 Ke6 40.
Rd3 Ra4 41. Rd2 Rc4 42. Rd3 Ra4 1/2-1/2

[Event "17MCR_PFB"]
[Site "?"]
[Date "2003.??.??"]
[Round "?"]
[White "Trcka, Vaclav"]
[Black "Pecina, Pavel"]
[Result "1/2-1/2"]
[WhiteElo "2125"]
[BlackElo "2210"]
[PlyCount "87"]
[EventDate "2003.??.??"]
[EventType "corr"]
[EventRounds "1"]
[SourceDate "2005.10.25"]

1. d4 d5 2. c4 c6 3. Nf3 Nf6 4. Nc3 e6 5. e3 Nbd7 6. Bd3 dxc4 7. Bxc4 b5 8. Bd3
Bb7 9. O-O b4 10. Ne4 Nxe4 11. Bxe4 Qc7 12. Bd2 c5 13. Bxb7 Qxb7 14. Qa4 cxd4
15. exd4 Bd6 16. Rfc1 O-O 17. Qc6 Qxc6 18. Rxc6 Be7 19. Rc7 Rfd8 20. Rb7 a5 21.
Rc1 Rab8 22. Rcc7 Rxb7 23. Rxb7 Kf8 24. Kf1 Ke8 25. Ke2 Rb8 26. Rxb8+ Nxb8 27.
Kd3 Bd6 28. Ne5 f6 29. Nc4 Bc7 30. g4 g5 31. Ke4 Nc6 32. d5 Ne5 33. Nxe5 Bxe5
34. b3 Kf7 35. h3 Bc7 36. f3 Bb6 37. f4 gxf4 38. dxe6+ Ke7 39. Bc1 Bc7 40. Bxf4
Bxf4 41. Kxf4 Kxe6 42. h4 Ke7 43. Ke3 Kf7 44. Kd3 1/2-1/2

[Event "17MCR_PFB"]
[Site "?"]
[Date "2003.??.??"]
[Round "?"]
[White "Vaindl, Jaroslav"]
[Black "Jirk, Ales"]
[Result "0-1"]
[WhiteElo "2325"]
[BlackElo "2210"]
[PlyCount "48"]
[EventDate "2003.??.??"]
[EventType "corr"]
[EventRounds "1"]
[SourceDate "2005.10.25"]

1. d4 Nf6 2. c4 e6 3. Nc3 d5 4. Nf3 Be7 5. cxd5 exd5 6. Bf4 O-O 7. Qc2 c5 8. e3
Nc6 9. dxc5 Bxc5 10. Rd1 d4 11. exd4 Bxd4 12. Be2 Qb6 13. O-O Bg4 14. Na4 Qb4
15. a3 Bxf2+ 16. Rxf2 Qxf4 17. Nd2 Qe5 18. Nc4 Qe7 19. Nc3 Rad8 20. Nd5 Nxd5
21. Bxg4 Nf6 22. Bf3 Nd4 23. Qc1 Qc5 24. b4 Nxf3+ 0-1

[Event "17MCR_PFB"]
[Site "?"]
[Date "2003.??.??"]
[Round "?"]
[White "Lounek, Jan"]
[Black "Novotny, Petr"]
[Result "1-0"]
[WhiteElo "2320"]
[BlackElo "2220"]
[PlyCount "83"]
[EventDate "2003.??.??"]
[EventType "corr"]
[EventRounds "1"]
[SourceDate "2005.10.25"]

1. e4 e5 2. Nf3 Nc6 3. Bb5 a6 4. Ba4 Nf6 5. O-O Be7 6. Re1 b5 7. Bb3 d6 8. c3
O-O 9. h3 Na5 10. Bc2 c5 11. d4 Qc7 12. Nbd2 Nc6 13. d5 Nd8 14. a4 Rb8 15. axb5
axb5 16. b4 Nb7 17. Nf1 Bd7 18. Be3 Ra8 19. Qd2 Rfc8 20. Bd3 c4 21. Bc2 Nh5 22.
Rec1 Re8 23. Bd1 Nf6 24. Ng3 Reb8 25. Ba7 Re8 26. Qe3 Qc8 27. Ra3 h6 28. Rca1
Bf8 29. Qc1 Be7 30. Be3 Rxa3 31. Rxa3 Qc7 32. Ra7 Rb8 33. Qa1 Qc8 34. Nh2 Nd8
35. f4 Nb7 36. Qa6 exf4 37. Bxf4 Bd8 38. Bf3 Qc7 39. Be3 Qc8 40. e5 dxe5 41. d6
e4 42. Nxe4 1-0

[Event "17MCR_PFB"]
[Site "?"]
[Date "2003.??.??"]
[Round "?"]
[White "Svajdler, Frantisek"]
[Black "Kubelka, Martin"]
[Result "0-1"]
[WhiteElo "2280"]
[BlackElo "2225"]
[PlyCount "42"]
[EventDate "2003.??.??"]
[EventType "corr"]
[EventRounds "1"]
[SourceDate "2005.10.25"]

1. e4 c5 2. c3 d5 3. exd5 Qxd5 4. d4 e6 5. Nf3 Nf6 6. Be3 cxd4 7. cxd4 Nc6 8.
Nc3 Qd6 9. a3 Be7 10. Bd3 O-O 11. O-O b6 12. Qe2 Bb7 13. Rad1 Rad8 14. Bg5 Qb8
15. Rfe1 Rfe8 16. Bb1 g6 17. Ba2 Nh5 18. d5 exd5 19. Rxd5 Bf8 20. Qd2 Rxd5 21.
Nxd5 Rxe1+ 0-1

[Event "17MCR_PFB"]
[Site "?"]
[Date "2003.??.??"]
[Round "?"]
[White "Nejtek, Jiri"]
[Black "Doudera, Lubomir"]
[Result "1-0"]
[WhiteElo "2265"]
[BlackElo "2235"]
[PlyCount "83"]
[EventDate "2003.??.??"]
[EventType "corr"]
[EventRounds "1"]
[SourceDate "2005.10.25"]

1. e4 d5 2. exd5 Qxd5 3. Nc3 Qa5 4. Bc4 Nf6 5. h3 Bf5 6. Nf3 e6 7. d3 Nbd7 8.
O-O Nb6 9. Bb3 O-O-O 10. Bd2 Kb8 11. Nd5 Qa6 12. Nxb6 Qxb6 13. a4 Bd6 14. a5
Qc6 15. Be3 a6 16. Nd4 Qd7 17. Nxf5 exf5 18. Qf3 g6 19. Rfe1 Rhe8 20. Bg5 Rxe1+
21. Rxe1 Re8 22. Rxe8+ Nxe8 23. Qd5 f6 24. Bd2 Qe7 25. Kf1 Qg7 26. Qg8 Bf8 27.
Qxg7 Nxg7 28. Bg8 h5 29. Bc3 g5 30. Bxf6 g4 31. Bf7 gxh3 32. gxh3 Kc8 33. c3
Kd7 34. Be5 c6 35. Ke2 h4 36. Bg6 c5 37. d4 cxd4 38. cxd4 Kc6 39. Kd3 Kd5 40.
f4 Ke6 41. Kc4 Kd7 42. Kd5 1-0

[Event "17MCR_PFB"]
[Site "?"]
[Date "2003.??.??"]
[Round "?"]
[White "Bares, Jiri"]
[Black "Soudny, Jiri"]
[Result "0-1"]
[WhiteElo "2255"]
[BlackElo "2240"]
[PlyCount "62"]
[EventDate "2003.??.??"]
[EventType "corr"]
[EventRounds "1"]
[SourceDate "2005.10.25"]

1. d4 d5 2. c4 c6 3. cxd5 cxd5 4. Nc3 Nf6 5. Nf3 Nc6 6. Bf4 Bf5 7. e3 e6 8. Qb3
Bb4 9. a3 Bxc3+ 10. bxc3 O-O 11. Be2 Na5 12. Qb4 Ne4 13. O-O Rc8 14. Rfc1 Qb6
15. Bd1 Nc4 16. Ra2 Qd8 17. Qxb7 g5 18. Bg3 h5 19. h3 Nxe3 20. Be2 Nxg3 21.
fxg3 g4 22. hxg4 hxg4 23. Ne5 Qg5 24. Ba6 Nc4 25. Re1 Nxe5 26. dxe5 Rxc3 27.
Qxa7 Rxg3 28. Qb6 Kg7 29. a4 Rh8 30. Rf2 Ra3 31. Qb4 g3 0-1

[Event "17MCR_PFB"]
[Site "?"]
[Date "2003.??.??"]
[Round "?"]
[White "Jerabek, Zdenek"]
[Black "Hladecek, Miloslav"]
[Result "1/2-1/2"]
[WhiteElo "2255"]
[BlackElo "2240"]
[PlyCount "90"]
[EventDate "2003.??.??"]
[EventType "corr"]
[EventRounds "1"]
[SourceDate "2005.10.25"]

1. e4 c5 2. Nf3 d6 3. d4 cxd4 4. Nxd4 Nf6 5. Nc3 g6 6. Be3 Bg7 7. f3 Nc6 8. Qd2
Bd7 9. O-O-O Rc8 10. g4 h6 11. h4 Ne5 12. Be2 a6 13. g5 hxg5 14. hxg5 Nh5 15.
Nd5 e6 16. Nf5 exf5 17. Bb6 Qxg5 18. Qxg5 Bh6 19. Nf6+ Kf8 20. Qxh6+ Rxh6 21.
Nxh5 Rxh5 22. Rxh5 gxh5 23. Rxd6 Ke8 24. Bd4 Ng6 25. Bd3 Ke7 26. Rb6 h4 27.
Bf6+ Kf8 28. Bf1 fxe4 29. Rxb7 Bc6 30. Rb4 e3 31. Rc4 Kg8 32. Bh3 e2 33. Kd2
Re8 34. Ke1 Bxf3 35. Rd4 Kh7 36. Ra4 Re3 37. Bf5 Kh6 38. Bxg6 fxg6 39. Rxh4+
Bh5 40. Bd4 Re6 41. Rf4 Kg5 42. Rf2 Bg4 43. b4 Bf5 44. Rxe2 Rxe2+ 45. Kxe2 Bxc2
1/2-1/2

[Event "17MCR_PFB"]
[Site "?"]
[Date "2003.??.??"]
[Round "?"]
[White "Soudny, Jiri"]
[Black "Jerabek, Zdenek"]
[Result "1/2-1/2"]
[WhiteElo "2240"]
[BlackElo "2255"]
[PlyCount "47"]
[EventDate "2003.??.??"]
[EventType "corr"]
[EventRounds "1"]
[SourceDate "2005.10.25"]

1. e4 c5 2. Nf3 d6 3. d4 cxd4 4. Nxd4 Nf6 5. Nc3 a6 6. Be3 e5 7. Nb3 Be6 8. f3
h5 9. Qd2 Nbd7 10. O-O-O Rc8 11. Kb1 Be7 12. Nd5 Nxd5 13. exd5 Bf5 14. Bd3 Bxd3
15. Qxd3 Bg5 16. Bf2 Qc7 17. h4 Bh6 18. Rhe1 O-O 19. g4 Bf4 20. Nd2 Nf6 21. g5
Nd7 22. Ne4 f5 23. gxf6 Nxf6 24. Ng5 1/2-1/2

[Event "17MCR_PFB"]
[Site "?"]
[Date "2003.??.??"]
[Round "?"]
[White "Doudera, Lubomir"]
[Black "Bares, Jiri"]
[Result "1-0"]
[WhiteElo "2235"]
[BlackElo "2255"]
[PlyCount "123"]
[EventDate "2003.??.??"]
[EventType "corr"]
[EventRounds "1"]
[SourceDate "2005.10.25"]

1. e4 e5 2. Nf3 Nc6 3. Bc4 Bc5 4. c3 Nf6 5. d3 d6 6. O-O O-O 7. Bb3 Bg4 8. h3
Bh5 9. Nbd2 Qd7 10. Re1 h6 11. Nf1 Bg6 12. Nh4 Kh7 13. Qf3 a5 14. a4 Rad8 15.
Ne3 Bh5 16. g4 Bg6 17. Nef5 Ng8 18. g5 Nce7 19. gxh6 gxh6 20. Kh2 d5 21. Ng3 d4
22. Bc4 dxc3 23. bxc3 Nc8 24. Ngf5 Nb6 25. Bb3 Be7 26. Qg2 Bxh4 27. Nxh4 Ne7
28. Ba3 Rg8 29. Qf3 Rg7 30. Rg1 Nbc8 31. Rg3 Qc6 32. Re1 Qb6 33. Bc4 c5 34.
Reg1 Nd6 35. Ba2 Ne8 36. Qe2 Qc6 37. Bc1 b6 38. Nxg6 fxg6 39. f4 Qf6 40. fxe5
Qxe5 41. Kh1 Nf5 42. R3g2 Nh4 43. Rg4 Qh5 44. Qf1 g5 45. R1g3 Nd6 46. d4 cxd4
47. cxd4 Qe8 48. e5 Ndf5 49. Bb1 Qc6+ 50. Kh2 Kg8 51. Bxf5 Nxf5 52. Qxf5 Qxc1
53. Rg2 Qc6 54. h4 Rf8 55. Qe4 Qxe4 56. Rxe4 Rd8 57. hxg5 hxg5 58. Rb2 Rb7 59.
e6 Kf8 60. Rf2+ Ke8 61. Rf5 Rh7+ 62. Kg2 1-0

[Event "17MCR_PFB"]
[Site "?"]
[Date "2003.??.??"]
[Round "?"]
[White "Kubelka, Martin"]
[Black "Nejtek, Jiri"]
[Result "0-1"]
[WhiteElo "2225"]
[BlackElo "2265"]
[PlyCount "78"]
[EventDate "2003.??.??"]
[EventType "corr"]
[EventRounds "1"]
[SourceDate "2005.10.25"]

1. d4 d5 2. c4 c6 3. Nf3 e6 4. Nc3 dxc4 5. e3 b5 6. a4 Bb4 7. Bd2 a5 8. axb5
Bxc3 9. Bxc3 cxb5 10. b3 Bb7 11. bxc4 b4 12. Bb2 Nf6 13. Bd3 O-O 14. Qc2 Nbd7
15. e4 e5 16. O-O Qc7 17. c5 exd4 18. Bxd4 Ng4 19. Bc4 Ba6 20. Rfc1 Bxc4 21.
Qxc4 Nge5 22. Nxe5 Nxe5 23. Bxe5 Qxe5 24. c6 Rfc8 25. Rab1 h6 26. Qd5 Qc7 27.
g3 Rab8 28. Rc5 a4 29. Qc4 a3 30. Rd1 b3 31. Rd7 Kh7 32. Rxc7 Rxc7 33. Rb5 Rxb5
34. Qxb5 a2 35. Qf5+ Kg8 36. Qe5 Rxc6 37. Kg2 Ra6 38. Qb8+ Kh7 39. Qxb3 Ra7 0-1

[Event "17MCR_PFB"]
[Site "?"]
[Date "2003.??.??"]
[Round "?"]
[White "Novotny, Petr"]
[Black "Svajdler, Frantisek"]
[Result "1-0"]
[WhiteElo "2220"]
[BlackElo "2280"]
[PlyCount "55"]
[EventDate "2003.??.??"]
[EventType "corr"]
[EventRounds "1"]
[SourceDate "2005.10.25"]

1. e4 e5 2. Nf3 Nc6 3. Bb5 a6 4. Ba4 Nf6 5. O-O Be7 6. Re1 b5 7. Bb3 d6 8. c3
O-O 9. h3 Na5 10. Bc2 c5 11. d4 Qc7 12. Nbd2 cxd4 13. cxd4 Bd7 14. Nf1 Rac8 15.
Ne3 Rfe8 16. Bd2 Nc6 17. d5 Nd4 18. Bd3 Qb6 19. Nxd4 Qxd4 20. Bc3 Qb6 21. a4
Ra8 22. a5 Qb7 23. Qf3 Rac8 24. Rac1 Rc7 25. Bd2 Rec8 26. Nf5 Bxf5 27. Rxc7
Qxc7 28. Qxf5 1-0

[Event "17MCR_PFB"]
[Site "?"]
[Date "2003.??.??"]
[Round "?"]
[White "Jirk, Ales"]
[Black "Lounek, Jan"]
[Result "1/2-1/2"]
[WhiteElo "2210"]
[BlackElo "2320"]
[PlyCount "80"]
[EventDate "2003.??.??"]
[EventType "corr"]
[EventRounds "1"]
[SourceDate "2005.10.25"]

1. e4 c5 2. Nf3 d6 3. d4 cxd4 4. Nxd4 Nf6 5. Nc3 a6 6. Be2 e5 7. Nb3 Be7 8. O-O
O-O 9. Be3 Be6 10. Qd2 Nbd7 11. a4 Rc8 12. a5 Qc7 13. Rfd1 Rfd8 14. Qe1 Qc6 15.
Bf3 h6 16. Nc1 Qc7 17. N1e2 Bf8 18. Ng3 g6 19. Be2 Ng4 20. Bxg4 Bxg4 21. Nd5
Qxc2 22. Rdc1 Qxb2 23. Rcb1 Qc2 24. Rxb7 Qc6 25. Rb4 Be6 26. Rc1 Nc5 27. Qd2
Bxd5 28. exd5 Qe8 29. Bxh6 Rb8 30. Nh5 Nd7 31. Bxf8 Rxb4 32. Qxb4 Qxf8 33. Qh4
Rc8 34. Rc6 Rb8 35. Ng3 Rb1+ 36. Nf1 Qb8 37. Qc4 Nc5 38. h3 Kg7 39. Kh2 Rb4 40.
Qe2 Qd8 1/2-1/2

[Event "17MCR_PFB"]
[Site "?"]
[Date "2003.??.??"]
[Round "?"]
[White "Pecina, Pavel"]
[Black "Vaindl, Jaroslav"]
[Result "1/2-1/2"]
[WhiteElo "2210"]
[BlackElo "2325"]
[PlyCount "40"]
[EventDate "2003.??.??"]
[EventType "corr"]
[EventRounds "1"]
[SourceDate "2005.10.25"]

1. e4 c5 2. Nf3 Nc6 3. Bb5 g6 4. O-O Bg7 5. c3 Nf6 6. d4 Nxe4 7. d5 Nd6 8. Bd3
Nb8 9. Bf4 O-O 10. Bxd6 exd6 11. Na3 b6 12. Nb5 Be5 13. Nxe5 dxe5 14. d6 Nc6
15. Nc7 Rb8 16. Qd2 f5 17. Bb5 Qf6 18. f4 e4 19. a4 Bb7 20. Rfd1 Kg7 1/2-1/2

[Event "17MCR_PFB"]
[Site "?"]
[Date "2003.??.??"]
[Round "?"]
[White "Dundalek, Josef"]
[Black "Trcka, Vaclav"]
[Result "1-0"]
[WhiteElo "2200"]
[BlackElo "2125"]
[PlyCount "77"]
[EventDate "2003.??.??"]
[EventType "corr"]
[EventRounds "1"]
[SourceDate "2005.10.25"]

1. d4 Nf6 2. c4 g6 3. Nc3 Bg7 4. e4 d6 5. Be2 O-O 6. Nf3 e5 7. O-O Nc6 8. d5
Ne7 9. b4 a5 10. Ba3 axb4 11. Bxb4 Nd7 12. a4 f5 13. Ng5 Nf6 14. c5 fxe4 15.
cxd6 cxd6 16. Ngxe4 Nxe4 17. Nxe4 Rf4 18. Bf3 Bf5 19. Re1 Bxe4 20. Rxe4 Rf8 21.
Bg4 Nf5 22. Rb1 Rf7 23. Rc4 Qf6 24. Bd2 h5 25. Bh3 Kh7 26. Qf3 Bh6 27. Bc3 Bg7
28. Rb6 Qg5 29. Qe2 Nd4 30. Bxd4 exd4 31. Be6 Re7 32. Qd3 Ra5 33. g3 Qe5 34.
Rb5 Ra6 35. Kg2 h4 36. Rb2 Qh5 37. f4 Qh6 38. Qb1 Ra7 39. Rb6 1-0